000 00714nam a2200229 a 4500
001 60164
003 BD-RjUL
005 20211209080818.0
008 161228s2001 ii 000 0 und d
035 _aBD-RjUL60288
040 _aEQO
_cEQO
_beng
_dBD-RjUL
041 _aeng
082 _223
_a361.30954
_bSUF 2001
100 1 0 _aSubhedar, I. S.
_9179108
245 1 0 _aFieldwork training in social work /
_cI. S. Subhedar
260 _aJaipur ; India :
_bRawat Pub. ,
_c2001 [Reprit 2016]
300 _a275 p :
_bforms ;
_c23 cm
490 1 _aNat. inst. for soc. work training ser
700 1 _aSainsbury, Eric,
_d1925-2014.
_9179109
830 0 _aNat. inst. for soc. work training ser
_9179110
942 _2ddc
_cBK
999 _c60164
_d60164